LEADER 00922cam0-2200325---450- 001 990005881950403321 005 20141024104310.0 010 $a88-339-1123-3 035 $a000588195 035 $aFED01000588195 035 $a(Aleph)000588195FED01 035 $a000588195 100 $a20000421d1998----km-y0itay50------ba 101 0 $aita 102 $aIT 105 $a--------001yy 200 1 $aProfili di critici del Novecento$fPier Vincenzo Mengaldo 210 $aTorino$cBollati Boringhieri$d1998 215 $a146 p.$d18 cm 225 1 $aVariantine 610 0 $aCritica letteraria italiana$aSec. 20 676 $a801.950945 700 1$aMengaldo,$bPier Vincenzo$f<1936- >$0152369 801 0$aIT$bUNINA$gRICA$2UNIMARC 901 $aBK 912 $a990005881950403321 952 $a801.95 MEN 1$bBibl.30996$fFLFBC 959 $aFLFBC 996 $aProfili di critici del Novecento$9236641 997 $aUNINA LEADER 00936nam0-22002891i-450- 001 990003231480403321 035 $a000323148 035 $aFED01000323148 035 $a(Aleph)000323148FED01 035 $a000323148 100 $a20000920d--------km-y0itay50------ba 101 0 $aita 102 $aIT 200 1 $a<>valutazione del rischio di frode nel ramo assicurativo R.C. auto$euna proposta in logica fuzzy$fdi Gisella Facchinetti, Giovanni Mastroleo 225 1 $aMateriali di discussione$fDipartimento di economia politica. Università di Modena$v319 610 0 $aAssicurazioni 676 $aJ/3 702 1$aFacchinetti,$bGisella 702 1$aMastroleo,$bGiovanni 801 0$aIT$bUNINA$gRICA$2UNIMARC 901 $aBK 912 $a990003231480403321 952 $aPaper$fSES 959 $aSES 996 $aValutazione del rischio di frode nel ramo assicurativo R.C. auto$9449402 997 $aUNINA DB $aING01